| 000 | 00607nam a2200193Ia 4500 | ||
|---|---|---|---|
| 003 | IN-BaIIA | ||
| 008 | 211028s9999 xx 000 0 eng d | ||
| 020 | _a3-540-41606-4 | ||
| 040 | _cIIA Library | ||
| 080 |
_a048.1:52 _bAAA-73B |
||
| 245 | 0 |
_aAstronomy and astrophysics abstracts _bvol. 73 B literature 2000 pt. 1 _cedited by G. Burkhardt |
|
| 260 |
_aBerlin _bSpringer-Verlag _c2001 |
||
| 300 | _avii, 915-1785 p. | ||
| 650 | _aabstracts | ||
| 650 |
_aastronomy _980 |
||
| 650 |
_aastrophysics _9794 |
||
| 700 | _aBurkhardt, G., ed. | ||
| 942 | _cBK | ||
| 999 |
_c14074 _d14074 |
||